000 00422nam a2200157 i 4500
001 91202
003 ES-MaACL
005 20230906180650.0
007 t|
008 050127s1960 sp ||||1| spa d
100 1 _aLescöet, Henri de.
_971829
245 1 0 _aSiglo encantado /
_cEnri de Lescoet.
260 _aBilbao :
_bAlrededor de la Mesa,
_c1960.
300 _a30 p. ;
_c17 cm.
852 _aES-MaACL
_j2030-F-2
_bR.51301
999 _c91202
_d91202